000 01002nam2a22002771 4500
001 v19\rc\1360139
005 20250618081558.0
035 _a(NLR Aleph) 004502294
090 _a4693037
_c4693037
100 _a20060512d1866 |||y0rusy50 ca
101 0 _arus
102 _aRU
105 _ay z |||||
200 0 _aза сезон 1865 года
210 _d1866
_aБ. м.
215 _a30 с.
461 0 _1001v19\rc\1360138
_12001#$aОтчет врача Липецких минеральных вод...$vза сезон 1865 года
_94693034
_aЛипецкие минеральные воды
_cМосква
_d1866-1912
_tОтчет врача Липецких минеральных вод...
_vза сезон 1865 года
801 0 _aRU
_bNLR
_gpsbo
801 0 _aRU
_bRuMoRGB
_2psbo
801 1 _aRU
_bProSoft-M
_2rusmarc
852 _aNLR
_j18.94.4.17
899 _aRuMoRGB (1865-1905*)
_jE 59/425
899 _aRuMoRGB (1865-1905*)
_jE 53/322
899 _aБАН
942 _cBOOK
980 _aNB